000 00527nam a2200181Ia 4500
003 GCL
008 140319s9999 xx 000 0 ara d
040 _aGCL /
_cGCL
082 0 4 _a252
_bع ف
100 1 _aعبدالجليل شلبى
245 1 0 _aفقه العبادات والاطعمة والايمان والنذور /
_cعبدالجليل شلبى
300 _a398 ص
490 _aكتاب
_v0
650 0 4 _aالاسلام
650 0 4 _aالفقه الاسلامى
650 0 4 _aالعبادات
942 _2ddc
_cBK
999 _c42713
_d42713